000
00215nam a22000857a 4500
008
170620b xxu||||| |||| 00| 0 eng d
100
_9
3540
_a
Dua.J
245
_a
Business Letterfor Attaning
260
_a
New Delhi
_b
R.P
_c
2012
999
_c
6925
_d
6925